000 00909nam a2200277Ia 4500
003 OSt
005 20221005062313.0
006 a|||||r|||| 00| 0
007 ta
008 221004b |||||||| |||| 00| 0 eng d
020 _a9780415394314 (hbk)
_c3642.5
024 _a96401
037 _b474, 10/02/2009, Bhartiya Sahitya Bhawan
_cTextual
040 _aCRL
_cCRL
_beng
041 _2eng
_aeng
082 _aR3xN02, P9
100 _aKarl Popper
_929887
245 0 _aTwo fundamental problems of the theory of knowledge
260 _aLondon
_bRoutledge UK
_c2009
300 _axxxviii, 510p.
_ccm.
650 _aPHILOSOPHY
700 _a Hansen Troels Eggers Ed.
_9601659
700 _a Pickel Andreas Tr.
_9601660
942 _hR3xN02, P9
_cTEXL
_2cc
999 _c969484
_d969484